000 00257nam a22001217a 4500
008 181126b xxu||||| |||| 00| 0 eng d
041 _aeng
080 _a941
100 _a16
101 _aHIS
245 _aA History France
_cJoubert.P
942 _2udc
_cBK
999 _c52488
_d52488